000 00534nam a22002057a 4500
005 20250915072722.0
008 250915b |||||||| |||| 00| 0 eng d
020 _a9789391135140
040 _aIN-DiNC
_cIN-DiNC
041 _dasm
082 _a954.162
_bBRO
100 _aBrown, EW
_eauthor
245 _aNathan Brownor Asom abhijan/
_cby EW Brown
250 _a1st ed.
260 _aGuwahati:
_bBanalata,
_c2022.
300 _a320p.
650 _aThe Whole world Kin
700 _aHussain, Imran
_eTranslator
942 _2ddc
_cBK
999 _c12269
_d12269